00928cam a22001814a 4500008004100000020001800041050001800059100002700077245007300104250001100177260004300188300004700231505029300278650001800571942001200589999001600601952012900617040813s2006 mauab 001 0 eng  a978089863305400aQR41.2.B45b 1 aBenathen, Isaiah Amiel10aMicrobiology with health care applications. /cIsaiah Amiel Benathen a2nd ed aBelmont, CA:bStar Publishing, c2008. axviii, 506 p.:b ill. (coloured);c29 cm. aContents: Microscopy, survey of microorganisms and asepsis -- Staining microorganisms and studying motility -- Culturing of microorganisms -- Microbial relationships and disease -- Water, food and diary microbiology -- Clinical unknown -- Control of microorganisms -- Medical microbiology 0aMicrobiology. 2lcccBK c7219d14719 00102lcc4070aWIUC-KLbWIUC-KLcNURS L.d2019-07-27eSTMoQR41.2.B45(2e)pKSN/168/19r2020-05-11 00:00:00w2020-05-11yBK